[Event "JUG-ch53"]
[Site "Belgrade "]
[Date "1998.03.22"]
[Round "9"]
[White "Djuric, Stefan"]
[Black "Barlov, Dragan"]
[Result "1/2-1/2"]
[WhiteElo "2520"]
[BlackElo "2490"]

1.Nf3 Nf6 2.c4 c5 3.Nc3 b6 4.e4 d6 5.d4 cxd4 6.Nxd4 Bb7 7.f3 e6 8.Be2 Be7
9.O-O O-O 10.Be3 a6 11.Qd2 Nbd7 12.Rfd1 Qc7 13.Rac1 Rac8 14.Qe1 Qb8 15.Kh1 Rfe8
16.Qg1 Bf8 17.Nb3 d5 18.cxd5 exd5 19.Nxd5 Nxd5 20.Rxc8 Qxc8 21.exd5 Nf6 22.Bf1 Nxd5
23.Bxb6 Qc2 24.Bxa6 Bxa6 25.Rxd5 Qxb2 26.Rd2 Qa3 27.h3 Bc4 28.Bc5 Qa8 29.Bxf8 Rxf8
30.Qd4 Be6 31.Qd6 h6 32.Kh2 Re8 33.f4 Bxb3 34.axb3 Qa1 35.Qc6 Qe1 36.Rd3 g6
37.Qf6 Qb4 38.Qd6 Qxd6 39.Rxd6 Re3 40.Rb6 h5 41.h4 Kg7 42.b4 Rb3 43.Kg1 Rb2
44.Kf1 Kf8 45.Rb7 Kg7 46.Rb6 Kf8 47.f5 gxf5 48.Rb5 Kg7 49.Rxf5 Rxb4 50.Rxh5 Rg4  1/2-1/2

[Event "FRA-chT"]
[Site "FRA"]
[Date "1998.04.03"]
[Round "5"]
[White "Roos, Louis"]
[Black "Palac, Mladen"]
[Result "0-1"]
[WhiteElo "2360"]
[BlackElo "2545"]

1.Nf3 Nf6 2.c4 c5 3.Nc3 d5 4.cxd5 Nxd5 5.g3 Nc6 6.Bg2 Nc7 7.O-O e5 8.d3 Be7
9.a3 O-O 10.Be3 Be6 11.Rc1 Qd7 12.Re1 Rab8 13.Nd2 f5 14.f4 exf4 15.Bxf4 Rbd8
16.Nf3 Nd5 17.Nxd5 Bxd5 18.e4 Bf7 19.Ng5 Ba2 20.exf5 Rxf5 21.Bh3 Bf6 22.b3 Bd4+
23.Kh1 Qd5+ 24.Bg2 Qxb3 25.Qh5 h6 26.Qg6 hxg5 27.Qxf5 gxf4 28.Be4 Qf7 29.Qh7+ Kf8
30.gxf4 Bd5 31.Rb1 b6 32.Qh8+ Qg8 33.Qh3 g6 34.Qf3 Qf7 35.Re2 Kg7 36.Rg2 Bxe4
37.dxe4 c4 38.e5 Ne7 39.Qe2 c3 40.Rd1 Qd5 41.Qc2 Nf5 42.h3 Qf3  0-1

[Event "CZE-chT 9798"]
[Site "CZE"]
[Date "1998.04.04"]
[Round "10"]
[White "Smejkal, Jan"]
[Black "Stocek, Jiri"]
[Result "1/2-1/2"]
[WhiteElo "2525"]
[BlackElo "2450"]

1.c4 Nf6 2.Nf3 c5 3.Nc3 e6 4.g3 b6 5.Bg2 Bb7 6.O-O Be7 7.b3 O-O 8.Bb2 a6
9.e3 Nc6 10.Qe2 Rc8 11.Rfd1 Re8 12.Rac1 d6 13.d4 cxd4 14.exd4 Bf8 15.h4 Nb8
16.Ba3 Nbd7 17.Bb4 h6 18.a4 Be7 19.Ne1 Qc7 20.Bxb7 Qxb7 21.Ng2 Bf8 22.Ne3 h5
23.Qf1 g6 24.Qg2 Qc7 25.Qf3 Bh6 26.Re1 Kg7 27.Rcd1 Rcd8 28.Rd3 Nb8 29.Ba3 Nbd7
30.Rdd1 d5 31.cxd5 Bxe3 32.Rxe3 exd5 33.Rxe8 Rxe8 34.Nxd5 Qc6 35.Nxf6 Qxf3
36.Nxe8+ Kg8 37.Re1 Qxb3 38.Be7 Qc3 39.Re4 Qc1+ 40.Kh2 Qf1 41.Rf4 Qe2 42.Nf6+ Nxf6
43.Bxf6 Kf8 44.d5 Ke8 45.Bd4 b5 46.Be3 bxa4 47.Rxa4 Kd7 48.Rb4 a5 49.Rb7+ Kd6
50.Rxf7 Kxd5 51.Rf4 Qc2 52.Bb6 a4 53.Bd8 a3 54.Bf6 a2 55.Kg2 Qd1 56.Bg7 Ke6
57.Rf6+ Ke7 58.Rf4 a1=Q 59.Bxa1 Qxa1 60.Re4+ Kf6 61.Rf4+ Ke5 62.Rb4 Qa8+
63.Kg1 Qf3 64.Rc4 Qd1+ 65.Kh2 Qd2 66.Kg1 Kf5 67.Rc5+ Ke4 68.Kg2 Qd4 69.Rc8 Kd3
70.Re8 Qd5+ 71.Kg1 Kd2 72.Re3 Qf5 73.Kg2  1/2-1/2

[Event "Metz op"]
[Site "Metz"]
[Date "1998.04.07"]
[Round "3"]
[White "Eingorn, Vereslav S"]
[Black "Del Rio de Angeles, Gabriel"]
[Result "1-0"]
[WhiteElo "2605"]
[BlackElo "2395"]

1.Nf3 c5 2.c4 Nf6 3.Nc3 e6 4.g3 b6 5.Bg2 Bb7 6.O-O a6 7.b3 Be7 8.d4 cxd4
9.Qxd4 Nc6 10.Qf4 O-O 11.Rd1 Na7 12.Be3 d6 13.Rac1 Nh5 14.Qd4 b5 15.Ne4 Nc8
16.c5 d5 17.c6 Bxc6 18.Rxc6 dxe4 19.Ne5 Qxd4 20.Rxd4 f5 21.Rxe6 Nf6 22.Rd1 Ba3
23.Nd7  1-0

[Event "Dreifluesse op"]
[Site "Passau"]
[Date "1998.04.12"]
[Round "5"]
[White "Scharping, Hans Martin"]
[Black "Meyer, Joerg Dieter"]
[Result "1-0"]
[WhiteElo "2050"]
[BlackElo "1874"]

1.Nf3 c5 2.c4 Nf6 3.Nc3 d5 4.cxd5 Nxd5 5.g3 Nc6 6.Bg2 Nc7 7.d3 e5 8.O-O Be7
9.a3 O-O 10.Rb1 f6 11.Bd2 Be6 12.Ne4 Na6 13.Qc2 Rc8 14.Rfc1 Nd4 15.Qd1 Ba2
16.Nxd4 exd4 17.Ra1 Bd5 18.Be1 f5 19.Nd2 Nc7 20.Nf3 Ne6 21.b4 f4 22.Rab1 g5
23.bxc5 g4 24.Nd2 Bxg2 25.Kxg2 Qd5+ 26.Kg1 Ng5 27.Qb3 Qxb3 28.Nxb3 fxg3 29.hxg3 Ne6
30.Rc4 Bxc5 31.Nxc5 Rxc5 32.Rxb7 Re5 33.Bb4 Ra8 34.Kf1 a5 35.Bd2 Re8 36.Bh6 Rh5
37.Bd2 Re5 38.Bh6 Rh5 39.Bf4 Rf5 40.Ra7 Nxf4 41.gxf4 Rxf4 42.Rcc7 h5 43.Rg7+ Kf8
44.Rh7 Kg8 45.Rag7+ Kf8 46.Rg5 g3 47.Rxg3 Re5 48.Rgg7 Ref5 49.f3 Re5 50.Rd7 Kg8
51.Rdg7+ Kf8 52.Ra7 Kg8 53.Rhg7+ Kf8 54.Rgd7 Rh4 55.Rd8+ Re8 56.Rxe8+ Kxe8
57.Rxa5 Ke7 58.Kg2 Ke6 59.a4 Kd6 60.Rg5 Kc6 61.a5 Kb7 62.Re5 Ka6 63.Re4  1-0

[Event "Dreifluesse op"]
[Site "Passau"]
[Date "1998.04.12"]
[Round "5"]
[White "Beim, Valery"]
[Black "Meissner, Bernd Guenther"]
[Result "1-0"]
[WhiteElo "2555"]
[BlackElo "2305"]

1.c4 Nf6 2.Nc3 c5 3.Nf3 b6 4.d4 cxd4 5.Nxd4 Bb7 6.f3 d6 7.e4 Nbd7 8.Be2 a6
9.Be3 e6 10.O-O Be7 11.a4 O-O 12.a5 bxa5 13.Nb3 Rb8 14.Nxa5 Ba8 15.Qd2 Qc7
16.Rfc1 Ne5 17.Na4 Ng6 18.b4 Bd8 19.Nb3 Qb7 20.b5 Ne5 21.Qxd6 Bc7 22.Qd4 Neg4
23.fxg4 Rfd8 24.Nbc5 Bxh2+ 25.Kxh2 Qc7+ 26.e5 Rxd4 27.Bxd4 Qd8 28.Rd1 Ne4
29.Nxe4 Bxe4 30.Nc5 Bc2 31.Nxa6 Bxd1 32.Rxd1 Qh4+ 33.Kg1 Rd8 34.Bf2 Rxd1+
35.Bxd1 Qd8 36.Be2 Qa5 37.c5 Qa1+ 38.Bf1 Qxe5 39.c6 Qc3 40.c7 h5 41.Nc5  1-0

[Event "Dreifluesse op"]
[Site "Passau"]
[Date "1998.04.12"]
[Round "5"]
[White "Winter, Astrid"]
[Black "Neiss, Josef Martin"]
[Result "1-0"]
[WhiteElo "1896"]
[BlackElo "2120"]

1.Nf3 Nf6 2.c4 c5 3.Nc3 b6 4.e3 g6 5.d4 cxd4 6.Nxd4 Bb7 7.b3 Bg7 8.Bb2 O-O
9.f3 e6 10.Ncb5 Ne8 11.Qd2 a6 12.Nc3 Nc6 13.Nxc6 Bxc6 14.Rd1 Nf6 15.Be2 Qc7
16.O-O Rfd8 17.e4 Nh5 18.f4 Nf6 19.e5 Ne8 20.Ba3 Qb7 21.Bf3 Ra7 22.Qe1 b5
23.Be7 Rc8 24.c5 f5 25.Qh4 a5 26.Qg5 b4 27.Nd5 Kf7 28.Nb6 Rb8 29.Rxd7 Bxf3
30.Bd6+ Qxd7 31.Nxd7 Rxd7 32.Bxb8 Be2 33.Rc1 h6 34.Qh4 g5 35.fxg5 hxg5 36.Qxg5 Rd5
37.c6 Ba6 38.c7 Bxe5 39.Qh5+  1-0

[Event "ARG-ch"]
[Site "Buenos Aires"]
[Date "1998.04.21"]
[Round "6"]
[White "Ricardi, Pablo"]
[Black "Szmetan, Jorge"]
[Result "1-0"]
[WhiteElo "2555"]
[BlackElo "2420"]

1.Nf3 Nf6 2.c4 c5 3.Nc3 e6 4.d4 cxd4 5.Nxd4 Bb4 6.g3 O-O 7.Bg2 d5 8.Qb3 Bxc3+
9.bxc3 dxc4 10.Qa3 Nbd7 11.O-O a6 12.Rd1 Rb8 13.Qd6 Re8 14.Rb1 Qa5 15.Ba3 e5
16.Nf5 Re6 17.Qb4 Qxb4 18.Bxb4 g6 19.Ne7+ Kg7 20.Ba3 Rb6 21.Nxc8  1-0

[Event "RUS-ch (Women)"]
[Site "Elista"]
[Date "1998.04.21"]
[Round "1.2"]
[White "Ovod, Evgenija"]
[Black "Rakitskaja, M."]
[Result "1-0"]
[WhiteElo "2375"]
[BlackElo "2160"]

1.Nf3 Nf6 2.c4 c5 3.Nc3 b6 4.g3 Bb7 5.Bg2 e6 6.O-O Be7 7.Re1 d6 8.e4 Nbd7
9.d4 cxd4 10.Qxd4 O-O 11.b3 a6 12.Bb2 Qc7 13.Rac1 Rfd8 14.h3 Rac8 15.Qe3 Qb8
16.Nd4 Qa8 17.Ba3 Bf8 18.Kh2 Ne5 19.Qe2 Nc6 20.Nc2 Nb8 21.Na4 Nbd7 22.Bb2 Bc6
23.Bxf6 gxf6 24.Nc3 Bg7 25.Nb4 Bb7 26.Nd3 Ne5 27.f4 Nxd3 28.Qxd3 f5 29.h4 Bxc3
30.Qxc3 fxe4 31.Qf6 h5 32.g4 hxg4 33.h5 Rc5 34.h6 Kf8 35.h7 Rh5+ 36.Kg3 Rxh7
37.Rh1 Rxh1 38.Rxh1 Ke8 39.Rh7  1-0

[Event "Serbian-ch 29th"]
[Site "Sabac"]
[Date "1998.04.29"]
[Round "10"]
[White "Arsovic, Goran"]
[Black "Solak, Dragan"]
[Result "1/2-1/2"]
[WhiteElo "2475"]
[BlackElo "2380"]

1.Nf3 Nf6 2.c4 c5 3.Nc3 e6 4.g3 b6 5.Bg2 Bb7 6.O-O d6 7.Re1 Be7 8.e4 a6 9.d4 cxd4
10.Nxd4 Qc7 11.b3 O-O 12.Bb2 Nc6 13.Rc1 Nxd4 14.Qxd4 Rfb8 15.Red1 Ne8 16.Ba3 Ra7
17.Bb4 Ba8 18.a4 Qd8 19.Qe3 Rd7 20.Rd3 Qc7 21.Rcd1 Qc6 22.Qd2 Rdd8 23.f4 Qc7
24.h3 Bc6 25.Kh2 Rdc8 26.Qe2 b5 27.cxb5 axb5 28.axb5 Rxb5 29.Nxb5 Bxb5 30.Qe3 Bxd3
31.Qxd3 Rb8 32.Bd2 Qb6 33.b4 Nc7 34.Rc1 Na6 35.Rc4 d5 36.exd5 exd5 37.Rd4 Nxb4
38.Bxb4 Bxb4 39.Rxd5 Be7 40.Rd7 Qe6 41.Ra7  1/2-1/2

[Event "Zepter op"]
[Site "Minsk"]
[Date "1998.04.30"]
[Round "6"]
[White "Shariyazdanov, Andrey"]
[Black "Kasparov, Sergey"]
[Result "1-0"]
[WhiteElo "2495"]
[BlackElo "2335"]

1.Nf3 Nf6 2.c4 c5 3.Nc3 e6 4.g3 b6 5.Bg2 Bb7 6.O-O Be7 7.Re1 d5 8.cxd5 exd5
9.d4 O-O 10.Bf4 Nbd7 11.dxc5 bxc5 12.Nh4 Nh5 13.Nf5 Nxf4 14.gxf4 Nb6 15.Nxd5 Bxd5
16.Bxd5 Nxd5 17.Qxd5 Bf6 18.Qxc5 Qb8 19.Rac1 Qxf4 20.b3 g6 21.Ng3 Bd4 22.e3 Bxc5
23.exf4 Rac8 24.f5 Ba3 25.Rxc8 Rxc8 26.Kg2 Kg7 27.Re4 Rc2 28.fxg6 hxg6 29.Re2 Rxe2
30.Nxe2 Kf6 31.f3 Ke5 32.Kf2 Bc5+ 33.Ke1 Kf5 34.Kd2 Kg5 35.Kd3 Kh4 36.Nd4 Kh3
37.Nc6 f5 38.b4 Bd6 39.b5 Kxh2 40.Nxa7 g5 41.Nc8 Bb8 42.Ne7 Kg2 43.Nxf5 Kxf3
44.b6 g4 45.Nh6 g3 46.Nf5 Kg4 47.Nxg3 Bxg3 48.Ke4 Kg5 49.a4 Kf6 50.a5 Bf2
51.Kd5 Ke7 52.Kc6  1-0

[Event "SVR-op"]
[Site "Nickenich"]
[Date "1998.04.??"]
[Round "2"]
[White "Vitz, Hans Joachim"]
[Black "Merges, Harald"]
[Result "1-0"]
[WhiteElo "1755"]
[BlackElo "1905"]

1.c4 Nf6 2.Nc3 c5 3.Nf3 d5 4.cxd5 Nxd5 5.g3 Nc6 6.Bg2 Nc7 7.O-O g6 8.d3 Bg7
9.a3 O-O 10.Bf4 e5 11.Bg5 f6 12.Bd2 f5 13.Na4 Qd6 14.Rc1 Ne6 15.Qc2 Ncd4
16.Nxd4 Nxd4 17.Qd1 e4 18.dxe4 fxe4 19.Nxc5  1-0

[Event "POR-chT"]
[Site "Lisboa"]
[Date "1998.05.01"]
[Round "1"]
[White "Neto, Horacio"]
[Black "Gaspar, Artur"]
[Result "1/2-1/2"]
[WhiteElo "2175"]
[BlackElo "2225"]

1.Nf3 Nf6 2.c4 c5 3.Nc3 b6 4.g3 Bb7 5.Bg2 e6 6.O-O Be7 7.d4 cxd4 8.Qxd4 d6
9.Rd1 a6 10.b3 Nbd7 11.Bb2 O-O 12.Rac1 Rc8 13.Ng5 Bxg2 14.Kxg2 Rc6 15.Nce4 Qa8
16.f3 Rfc8 17.Qd2 Qb7 18.Nxf6+ Nxf6 19.a4 Nd7 20.Ne4 Nc5 21.Qd4 e5 22.Qe3 f5
23.Nxc5 bxc5 24.Qd3 Rf8 25.Rb1 Rb6 26.Bc1 g5 27.a5 Rc6 28.Bd2 Qc8 29.Qd5+ Kg7
30.Rdc1 Rc7 31.b4 cxb4 32.Bxb4 Qa8 33.Ba3 Qxd5 34.cxd5 Rxc1 35.Rxc1 Rb8 36.Rc7 Kf8
37.Rc6 Rb5 38.Rxa6 Rxd5 39.Ra8+ Kf7 40.a6 Ra5 41.Bb4 Ra4 42.a7 Ke6 43.Be1 d5
44.Bb4 Rxb4 45.Rc8 Ra4 46.a8=Q Rxa8 47.Rxa8 h5 48.Ra6+ Bd6 49.e3 e4 50.Kf2 exf3
51.Kxf3 Ke5 52.Ra8 Be7 53.Rh8 h4 54.gxh4 gxh4 55.h3 Bg5 56.Re8+ Kf6 57.Rg8 Bh6
58.Ra8 Ke5 59.Ra6 Bg5  1/2-1/2

[Event "Toronto op"]
[Site "Toronto"]
[Date "1998.05.15"]
[Round "2"]
[White "Chow, Albert"]
[Black "Crisan, Ioan"]
[Result "1/2-1/2"]
[WhiteElo "2330"]
[BlackElo "2235"]

1.Nf3 c5 2.c4 Nf6 3.Nc3 g6 4.d4 cxd4 5.Nxd4 Bg7 6.e4 d6 7.Be2 Nc6 8.Be3 O-O
9.O-O Bd7 10.Qd2 Ng4 11.Bxg4 Bxg4 12.h3 Bd7 13.Rfd1 f5 14.Nxc6 Bxc6 15.exf5 Rxf5
16.c5 d5 17.f4 d4 18.Bxd4 Qxd4+ 19.Qxd4 Bxd4+ 20.Rxd4 Rxc5 21.Re1 Kf7 22.Rd2 Rc8
23.Rde2 Rc7  1/2-1/2

[Event "Lisbon-ch+"]
[Site "Lisbon"]
[Date "1998.05.19"]
[Round "2"]
[White "Neto, Horacio"]
[Black "Rodrigues, Rui"]
[Result "0-1"]
[WhiteElo "2175"]
[BlackElo "2155"]

1.Nf3 Nf6 2.c4 e6 3.Nc3 c5 4.g3 b6 5.Bg2 Bb7 6.O-O Be7 7.d4 cxd4 8.Qxd4 O-O
9.Rd1 Nc6 10.Qf4 d6 11.b3 Qb8 12.Bb2 Ne5 13.e4 Ng6 14.Qe3 Rd8 15.h3 Qc7 16.Rac1 Rac8
17.Nd4 Qb8 18.Kh2 Ne5 19.f4 Neg4+  0-1

[Event "Brazilian City Cup 2nd"]
[Site "Brasilia"]
[Date "1998.05.26"]
[Round "7"]
[White "Valle, Adriano"]
[Black "De Andrade, Waldomido"]
[Result "1/2-1/2"]
[WhiteElo "2210"]
[BlackElo "2250"]

1.Nf3 Nf6 2.c4 e6 3.Nc3 c5 4.g3 b6 5.Bg2 Bb7 6.O-O a6 7.Re1 Qc7 8.e4 d6 9.d4 cxd4
10.Nxd4 Nbd7 11.f4 Rc8 12.Be3 Be7 13.Rc1 O-O 14.g4 Nc5 15.Bf2 g6 16.Bg3  1/2-1/2

[Event "RSA-ch"]
[Site "Bruma Lake"]
[Date "1998.05.31"]
[Round "4"]
[White "Solomon, Kenny"]
[Black "Pearson, Steven"]
[Result "1-0"]
[WhiteElo "2240"]
[BlackElo "2220"]

1.Nf3 c5 2.c4 Nf6 3.Nc3 b6 4.g3 Bb7 5.Bg2 e6 6.O-O a6 7.Re1 d6 8.d4 cxd4
9.Nxd4 Bxg2 10.Kxg2 Qc7 11.Qd3 Nbd7 12.b3 Be7 13.Bb2 O-O 14.f4 Qb7+ 15.Qf3 Qxf3+
16.Kxf3 Rac8 17.Red1 Rfd8 18.e4 g6 19.Rac1 Ne8 20.Nde2 Bf6 21.Rd2 Nc5 22.Ba3 Bxc3
23.Nxc3 f5 24.Re2 fxe4+ 25.Nxe4 Nxe4 26.Rxe4 Kf7 27.Rce1 Nc7 28.Rd1 d5 29.Red4 Rd7
30.R4d2 Rcd8 31.Bb2 Ne8 32.cxd5 exd5 33.Bd4 Rd6 34.Be5 R6d7 35.Bd4 Rd6 36.Be5 R6d7
37.Rc2 b5 38.Bd4 Ng7 39.Rc6 Ra8 40.Rf6+ Kg8 41.g4 Ne8 42.Rc6 Kf7 43.Be5 Ng7
44.Rf6+ Kg8 45.h4 Ne8 46.Rc6 d4 47.Rxd4 Rxd4 48.Bxd4 Rd8 49.Be5 Rd3+ 50.Ke4 Rg3
51.g5 Rh3 52.Rxa6 Rxh4 53.Kd5 Rh2 54.Kc5 Rc2+ 55.Kxb5 Kf7 56.a4 Nc7+ 57.Bxc7 Rxc7
58.Rc6 Rb7+ 59.Kc4 Re7 60.Rd6 Rc7+ 61.Kb5 Rb7+ 62.Rb6 Rd7 63.a5 Rd5+ 64.Ka4  1-0

[Event "Hamburg-chI"]
[Site "Hamburg"]
[Date "1998.05.31"]
[Round "3"]
[White "Hochgraefe, Markus"]
[Black "Pelletier, Yannick"]
[Result "1-0"]
[WhiteElo "2300"]
[BlackElo "2515"]

1.c4 Nf6 2.Nc3 c5 3.Nf3 e6 4.e3 Nc6 5.d4 d5 6.cxd5 exd5 7.Be2 Be7 8.dxc5 Bxc5
9.O-O O-O 10.b3 Bg4 11.Bb2 Rc8 12.Rc1 Bd6 13.Nd4 Ne5 14.Bxg4 Nexg4 15.h3 Ne5
16.Nf5 Nc6 17.Nxd5  1-0

[Event "Hamburg-chI"]
[Site "Hamburg"]
[Date "1998.06.02"]
[Round "5"]
[White "Hochgraefe, Markus"]
[Black "Wilhelmi, Christian"]
[Result "1/2-1/2"]
[WhiteElo "2300"]
[BlackElo "2445"]

1.c4 Nf6 2.Nc3 c5 3.Nf3 b6 4.e3 g6 5.d4 Bg7 6.Be2 O-O 7.O-O e6 8.b3 cxd4
9.Nxd4 d5 10.cxd5 exd5 11.Ba3 Re8 12.Bb5 Bd7 13.Rc1 a6 14.Bxd7 Qxd7 15.Na4 Qd8
16.Qd3 Ng4 17.Nf3 b5 18.Nc3 d4 19.exd4 Nc6 20.Bc5 Rc8 21.Rfd1 Nge5 22.Nxe5 Nxe5
23.Qh3 Nc6 24.d5 Ne7 25.b4 Bxc3 26.Qxc3 Nxd5 27.Qd4 Qg5 28.h4 Qf5 29.g3 Re4
30.Qd3 Rce8 31.Kg2 Nf6 32.Qf3 Qe5 33.Rd6 Ng4 34.Rd7 Nf6 35.Rd6 Ng4 36.Rd7 Nf6  1/2-1/2

[Event "Garcia mem Premier"]
[Site "Santa Clara"]
[Date "1998.06.03"]
[Round "9"]
[White "Nogueiras, Jesus"]
[Black "Vasquez, Rodrigo"]
[Result "1/2-1/2"]
[WhiteElo "2520"]
[BlackElo "2485"]

1.Nf3 c5 2.c4 Nf6 3.Nc3 b6 4.g3 Bb7 5.Bg2 e6 6.O-O d6 7.d4 cxd4 8.Qxd4 a6
9.Bg5 Nbd7 10.Nd2 Bxg2 11.Kxg2 Be7 12.Nde4 Qc7 13.Rfd1 O-O 14.Nxf6+ Nxf6
15.Ne4 Nxe4 16.Bxe7 Qxe7 17.Qxe4 Rac8 18.Rd4 Rfd8 19.Rad1 b5 20.cxb5 axb5
21.Qd3 d5 22.Qb3 h6 23.Rb4 Rc5 24.Rxb5 Rxb5 25.Qxb5 Qa7 26.b4 Rb8 27.Qa5 Qxa5
28.bxa5 Rb5 29.a4 Rxa5 30.Ra1 Kf8 31.Kf3 Ke7 32.Ke3 Kd6 33.Kd3 Ra7 34.a5 Ra6
35.e4 Kc5 36.exd5 Kxd5 37.h4 h5 38.Ke3 Ke5 39.Kf3 Kf5 40.Ra2 f6 41.Ra4 g6
42.Ke3 Ke5 43.f3 Kd5 44.g4 Kc5 45.g5 fxg5 46.hxg5 Kd5 47.Rf4  1/2-1/2

[Event "Keres mem op"]
[Site "Tallin"]
[Date "1998.06.14"]
[Round "1"]
[White "Gavrikov, Viktor"]
[Black "Vorobjov, Pavel"]
[Result "1-0"]
[WhiteElo "2555"]
[BlackElo "2110"]

1.c4 c5 2.Nf3 Nf6 3.Nc3 d5 4.cxd5 Nxd5 5.e3 e6 6.d4 cxd4 7.exd4 Nc6 8.Bd3 Be7
9.O-O O-O 10.Re1 Bf6 11.Be4 Nce7 12.Qd3 g6 13.Bh6 Re8 14.Qb5 Nb6 15.Qb3 Bd7
16.Bxb7 Rb8 17.Be4 Na4 18.Qa3 Nxb2 19.Rab1 Nc4 20.Qxa7 Rb6 21.Rxb6 Nxb6 22.Rb1 Nec8
23.Qb8 Nc4 24.Bd3 N8d6 25.Qb4 Be7 26.Bf4 Qa5 27.Qxa5 Nxa5 28.Ne5 Rc8 29.Nd5 exd5
30.Nxd7 Nc6 31.Nb6 Rd8 32.Nxd5 Nf5 33.Bc4 Bf8 34.Bg5 Rc8 35.Ba6  1-0

[Event "Dov Porath mem"]
[Site "Givatayim"]
[Date "1998.06.15"]
[Round "7"]
[White "Tsesarsky, Ilya"]
[Black "Gershkowitz, David"]
[Result "1-0"]
[WhiteElo "2425"]
[BlackElo "2235"]

1.Nf3 Nf6 2.c4 c5 3.Nc3 g6 4.e4 Bg7 5.d4 cxd4 6.Nxd4 Nc6 7.Be3 Ng4 8.Qxg4 Nxd4
9.Qd1 Ne6 10.Qd2 Qa5 11.Rc1 O-O 12.Be2 f5 13.exf5 Qxf5 14.Nd5 Rf7 15.f4 b5
16.O-O bxc4 17.g4 c3 18.bxc3 Qe4 19.Bf3 Qc4 20.f5 Bb7 21.Nxe7+ Rxe7 22.Bxb7 Qxg4+
23.Qg2 Qxg2+ 24.Bxg2 Nc7 25.Bc5 Re2 26.Bxa8 Nxa8 27.f6 Bf8 28.f7+ Kg7 29.Bd4+ Kh6
30.Rce1  1-0

[Event "Voronezh op"]
[Site "Voronezh"]
[Date "1998.06.19"]
[Round "8"]
[White "Gulkov, Igor A"]
[Black "Pogorelov, Ruslan"]
[Result "1-0"]
[WhiteElo "2230"]
[BlackElo "2465"]

1.Nf3 Nf6 2.c4 e6 3.Nc3 c5 4.g3 b6 5.Bg2 Bb7 6.O-O a6 7.d4 cxd4 8.Qxd4 d6
9.b3 Nbd7 10.e4 Be7 11.Rd1 Qc8 12.Ba3 Nc5 13.e5 dxe5 14.Nxe5 Bxg2 15.Kxg2 Qb7+
16.Kg1 O-O 17.Qe3 Rac8 18.Na4 Nxa4 19.Bxe7 Qxe7 20.bxa4 Rc5 21.Rab1 Qc7 22.f4 h5
23.h3 Ra5 24.Rxb6 Rxa4 25.Rb2 Rd8 26.Re1 Qd6 27.g4 hxg4 28.hxg4 Ra3 29.Qf2 Qd4
30.Qxd4 Rxd4 31.Rb8+ Kh7 32.Re2 g5 33.Rb7 Rxf4 34.Rxf7+ Kg8 35.Rb2 Ne8 36.Re7 Nd6
37.Rb8+ Rf8 38.Rxf8+ Kxf8 39.Rxe6 Nb7  1-0

[Event "NLD-ch"]
[Site "Rotterdam"]
[Date "1998.06.23"]
[Round "3"]
[White "Van der Sterren, Paul"]
[Black "Van der Weide, Karel"]
[Result "1-0"]
[WhiteElo "2550"]
[BlackElo "2450"]

1.c4 Nf6 2.Nc3 c5 3.Nf3 g6 4.d4 cxd4 5.Nxd4 Nc6 6.g3 Bg7 7.Bg2 O-O 8.O-O d6
9.Nxc6 bxc6 10.Bxc6 Rb8 11.Qa4 Bb7 12.Bxb7 Rxb7 13.Rb1 Qb8 14.b3 Nd7 15.Bd2 Rc8
16.Rbc1 Nc5 17.Qa3 Rc6 18.Rc2 Qc8 19.Kg2 a5 20.Be3 Na6 21.Rcc1 Nb4 22.Rfd1 Bxc3
23.Rxc3 a4 24.Qb2 a3 25.Qd2 d5 26.Rcc1 dxc4 27.Rxc4 Rxc4 28.bxc4 h5 29.c5 Kh7
30.Qc3 Qa8 31.Kg1 Qa4 32.Rd8 f6 33.Qc4 e6 34.Qf4  1-0

[Event "Copenhagen op"]
[Site "Copenhagen"]
[Date "1998.06.25"]
[Round "5"]
[White "Jakobsen, Ole"]
[Black "Grabliauskas, Virginijus"]
[Result "1/2-1/2"]
[WhiteElo "2345"]
[BlackElo "2465"]

1.c4 e6 2.Nf3 c5 3.Nc3 Nf6 4.g3 b6 5.Bg2 Bb7 6.O-O a6 7.d4 cxd4 8.Qxd4 Nc6
9.Qf4 Rc8 10.b3 Ne7 11.Bb2 Ng6 12.Qd2 Be7 13.Rfd1 Qc7 14.Rac1 O-O 15.Nd4 Bxg2
16.Kxg2 Qb7+ 17.Kg1 Rc7 18.Rc2 Rfc8 19.Rdc1 Ne5 20.Qd1 h5 21.Qf1 Nc6 22.Nxc6 Rxc6
23.Qg2 b5 24.cxb5 axb5 25.Nd1 d5 26.Rxc6 Rxc6 27.Rxc6 Qxc6 28.Qf3 Qa6 29.Bxf6 Bxf6
30.Qxh5 Qxa2 31.Qf3 e5 32.Qxd5 Qxe2 33.Kg2  1/2-1/2

[Event "World op"]
[Site "Philadelphia"]
[Date "1998.06.28"]
[Round "2"]
[White "Friedman, Aviv"]
[Black "Sherman, David"]
[Result "1-0"]
[WhiteElo "2360"]
[BlackElo "2155"]

1.Nf3 Nf6 2.c4 c5 3.Nc3 g6 4.d4 cxd4 5.Nxd4 Bg7 6.e4 d6 7.Be2 O-O 8.O-O Nc6
9.Be3 Nxd4 10.Bxd4 b6 11.f4 Bb7 12.Qd3 Qc7 13.Rac1 Rac8 14.Be3 Qb8 15.Bf3 e6
16.g4 d5 17.cxd5 exd5 18.e5 Rxc3 19.Qxc3 Ne4 20.Bxe4 dxe4 21.Qc7 Ba6 22.Qxb8 Rxb8
23.Rfd1 Bd3 24.Rc7 a5 25.Rdc1  1-0

[Event "SVK-ch"]
[Site "Prievidza"]
[Date "1998.06.29"]
[Round "3.1"]
[White "Timoshchenko, Gennadi A"]
[Black "Likavsky, Tomas"]
[Result "1/2-1/2"]
[WhiteElo "2520"]
[BlackElo "2280"]

1.Nf3 c5 2.c4 Nf6 3.Nc3 d5 4.cxd5 Nxd5 5.d4 cxd4 6.Qxd4 Nxc3 7.Qxc3 Nc6 8.e4 e6
9.Bb5 Qb6 10.Bxc6+ Qxc6 11.Qxc6+ bxc6 12.Bd2 Ba6 13.O-O-O Be2 14.Rde1 Bxf3
15.gxf3 Bc5 16.Be3 Bb6 17.Rd1 Rd8 18.Kc2 Ke7 19.Kc3 Rxd1 20.Rxd1 Bxe3 21.fxe3 Rd8
22.Rg1 g6 23.h4 e5 24.Rg5 f6 25.Rg1 Kf7 26.f4 exf4 27.exf4 c5 28.Kc4 Rd4+
29.Kxc5 Rxe4 30.Rd1 Re2 31.Rd7+ Ke6 32.Rxh7 Rxb2 33.Rxa7 Kf5 34.a4 Kxf4 35.a5 Kg4
36.Rh7 f5 37.Rh6 Ra2  1/2-1/2

[Event "NLD-ch"]
[Site "Rotterdam"]
[Date "1998.06.30"]
[Round "8"]
[White "Ernst, Sipke"]
[Black "Van der Weide, Karel"]
[Result "1-0"]
[WhiteElo "2300"]
[BlackElo "2450"]

1.Nf3 Nf6 2.c4 g6 3.Nc3 c5 4.g3 Bg7 5.Bg2 O-O 6.O-O Nc6 7.d4 cxd4 8.Nxd4 d6
9.Nxc6 bxc6 10.Bxc6 Rb8 11.Qa4 Bh3 12.Bg2 Bxg2 13.Kxg2 Qc7 14.Rb1 Nd7 15.Nd5 Qb7
16.f3 e6 17.Ne3 d5 18.cxd5 exd5 19.Rd1 Rfe8 20.Kf2 Nb6 21.Qh4 Qa6 22.a4 Rbd8
23.Rd4 Nc4 24.Rxd5 Rxd5 25.Nxd5 Nd2 26.Ne7+ Rxe7 27.Qxe7 Bf8 28.Qd8 Nxb1
29.Bh6 Qd6 30.Qxf8+ Qxf8 31.Bxf8 Kxf8 32.Ke3 Ke7 33.Kd3 Kd6 34.Kc2 Kc5 35.Kxb1 Kb4
36.Kc2 Kxa4 37.Kc3 Kb5 38.b4 h5 39.e4 a6 40.Kb3 a5 41.bxa5 Kxa5 42.Kc4 Kb6
43.Kd5 Kc7 44.Ke5 Kd7 45.Kf6 Ke8 46.e5  1-0

[Event "SVK-ch"]
[Site "Prievidza"]
[Date "1998.07.02"]
[Round "6.9"]
[White "Banas, Jan"]
[Black "Sarana, Oksana"]
[Result "1/2-1/2"]
[WhiteElo "2395"]
[BlackElo "2220"]

1.c4 Nf6 2.Nc3 c5 3.Nf3 d5 4.cxd5 Nxd5 5.Qa4+ Nc6 6.Ne5 Nb6 7.Qb5 Qd6 8.Nxc6 bxc6
9.Qa5 e5 10.g3 Be7 11.Bg2 O-O 12.d3 c4 13.dxc4 Nxc4 14.Qa4 Be6 15.O-O Rfc8
16.Rd1 Qc7 17.b3 Nb6 18.Qa5 Nd5 19.Qxc7 Rxc7 20.Bxd5 cxd5 21.Nxd5 Rd7 22.Nxe7+ Rxe7
23.Ba3 Rc7 24.Rd2 Rac8 25.Rad1 f6 26.f3 Rc2 27.Kf2 Kf7 28.Bb4 R8c6 29.Ke3 a6
30.Kd3 Rxd2+ 31.Rxd2 Rc1 32.Ke3 Rc6 33.f4 exf4+ 34.gxf4 Bf5 35.Kd4 Rc2 36.e4 Rxd2+
37.Bxd2 Bg4 38.Kc5 Ke6 39.Kb6 Be2 40.b4 Bb5 41.h4 h5 42.Bc3 Kd7 43.Bd4 Ke6
44.Ka5 Kd7 45.a4 Bd3 46.Kb6 Be2 47.Kc5 Bd3 48.e5 fxe5 49.fxe5 g6 50.Kd5 Bf5
51.b5 axb5 52.axb5 Be6+ 53.Ke4 Bc4 54.b6 Ke6 55.Kf4 Bd5 56.Kg5 Be4 57.Kh6 Kf7
58.Bb2 Bd5 59.Kg5 Bb7 60.Bc3 Bc6 61.Bd2 Bb7 62.Bf4 Bc6 63.Bg3 Bb7 64.Kf4 Ke6
65.Ke3 Kd5 66.Kd3 Bc8 67.Kc3 Kc6 68.Bf2 Kd5 69.Bd4 Kc6 70.Kc4 Be6+ 71.Kb4 Bd7
72.Be3 Bc8 73.Ka5 Bb7 74.Bf4 Kd5 75.Kb5 Ke6 76.Kc5 Ba8 77.Kd4 Bb7 78.Bg5 Ba8
79.Bf6 Bb7 80.Kc4 Bd5+ 81.Kc5 Bb7 82.Kb5 Kd5  1/2-1/2

[Event "SVK-ch"]
[Site "Prievidza"]
[Date "1998.07.03"]
[Round "7.9"]
[White "Timoshchenko, Gennadi A"]
[Black "Widera, Jan"]
[Result "1-0"]
[WhiteElo "2520"]
[BlackElo "2240"]

1.Nf3 c5 2.c4 Nf6 3.Nc3 d5 4.cxd5 Nxd5 5.e3 Nxc3 6.bxc3 g6 7.Bb5+ Bd7 8.Qb3 Qb6
9.Bc4 Qxb3 10.axb3 Nc6 11.Ke2 e6 12.Bb2 Be7 13.b4 f6 14.b5 Nd8 15.d4 Nf7
16.Bd3 c4 17.Bxc4 Nd6 18.Bd3 Bxb5 19.Bxb5+ Nxb5 20.c4 Nc7 21.Bc3 Kd7 22.Rhb1 Rhb8
23.Kd3 b6 24.Nd2 a5 25.f4 Na6 26.g4 Nb4+ 27.Bxb4 axb4 28.Kc2 Ra5 29.Rxa5 bxa5
30.Ra1 Ra8 31.Kb3 Kc6 32.Ka4 Bd8 33.Nb3 Bc7 34.Rf1 Bb6 35.e4 Kb7 36.f5 Re8
37.fxg6 hxg6 38.Rxf6 Rc8 39.c5 Bc7 40.Rxe6 Rh8 41.Nxa5+ Bxa5 42.Kxa5 Rxh2
43.Kxb4  1-0

[Event "Lost Boys op"]
[Site "Antwerp"]
[Date "1998.07.04"]
[Round "5"]
[White "Ernst, Sipke"]
[Black "Mikhalevski, Victor"]
[Result "1-0"]
[WhiteElo "2300"]
[BlackElo "2545"]

1.Nf3 Nf6 2.c4 c5 3.Nc3 d5 4.cxd5 Nxd5 5.d4 Nxc3 6.bxc3 g6 7.e3 Bg7 8.Be2 O-O
9.O-O Qc7 10.Qb3 b6 11.Bb2 Nc6 12.Rac1 e5 13.dxe5 Re8 14.c4 Bb7 15.e6 Rxe6
16.Bxg7 Kxg7 17.Qc3+ Kg8 18.Rfd1 Ne5 19.Nxe5 Rxe5 20.Bf1 Rae8 21.Rc2 Qe7
22.Rcd2 Qh4 23.Rd7 Bc6 24.Rc7 Bf3 25.Rd6 Rf5 26.Qb2 Rf8 27.Rcd7 Rg5 28.Rd8 Rxg2+
29.Bxg2 Qg5 30.Rxf8+ Kxf8 31.Qh8+ Ke7 32.Qd8+  1-0

[Event "RUS-Cup06"]
[Site "Nizhnij Novgorod"]
[Date "1998.07.05"]
[Round "7"]
[White "Shariyazdanov, Andrey"]
[Black "Aseev, Konstantin N"]
[Result "1/2-1/2"]
[WhiteElo "2495"]
[BlackElo "2565"]

1.Nf3 Nf6 2.c4 c5 3.Nc3 e6 4.g3 b6 5.Bg2 Bb7 6.O-O Be7 7.Re1 d5 8.cxd5 exd5
9.d4 O-O 10.Bf4 Na6 11.Rc1 Qc8 12.a3 Rd8 13.Qc2 h6 14.Red1 Qe6 15.h3 Rac8
16.Qb3 Bc6 17.Qa2 Nc7 18.Qb1 Nb5  1/2-1/2